<?xml version="1.0" encoding="UTF-8"?>
<record
    xmlns:xsi="http://www.w3.org/2001/XMLSchema-instance"
    xsi:schemaLocation="http://www.loc.gov/MARC21/slim http://www.loc.gov/standards/marcxml/schema/MARC21slim.xsd"
    xmlns="http://www.loc.gov/MARC21/slim">

  <leader>02329agaaa2200337   4500</leader>
  <controlfield tag="001">5424</controlfield>
  <controlfield tag="003">IT-RoPAU</controlfield>
  <controlfield tag="005">20220918181224.0</controlfield>
  <controlfield tag="007">d cvaizq</controlfield>
  <controlfield tag="008">50131s9999||||xx ||| |     ||   ||und||</controlfield>
  <datafield tag="040" ind1=" " ind2=" ">
    <subfield code="a">IT-RoPAU</subfield>
    <subfield code="c">IT-RoPAU</subfield>
  </datafield>
  <datafield tag="041" ind1=" " ind2=" ">
    <subfield code="a">ITALIANO</subfield>
  </datafield>
  <datafield tag="100" ind1=" " ind2=" ">
    <subfield code="a">Bergman Ingmar</subfield>
    <subfield code="g">Codice regista SPICS: 9304</subfield>
    <subfield code="9">34076</subfield>
  </datafield>
  <datafield tag="130" ind1=" " ind2=" ">
    <subfield code="a">SUSSURRI E GRIDA</subfield>
    <subfield code="9">37205</subfield>
  </datafield>
  <datafield tag="240" ind1=" " ind2=" ">
    <subfield code="a">VISKNINGAR OCH ROP</subfield>
    <subfield code="g">T1210</subfield>
  </datafield>
  <datafield tag="245" ind1=" " ind2=" ">
    <subfield code="a">SUSSURRI E GRIDA</subfield>
    <subfield code="c">Prodotto da: Carlberg Lars-Owe -- Sceneggiatura: Bergman Ingmar -- Diretto da: Bergman Ingmar</subfield>
    <subfield code="p">SUSSURRI E GRIDA (Rif. Codice opera principale : H5424)</subfield>
  </datafield>
  <datafield tag="246" ind1=" " ind2=" ">
    <subfield code="a">VISKNINGAR OCH ROP</subfield>
  </datafield>
  <datafield tag="250" ind1=" " ind2=" ">
    <subfield code="a">Edizione Standard</subfield>
  </datafield>
  <datafield tag="260" ind1=" " ind2=" ">
    <subfield code="a">(SVEZIA)</subfield>
    <subfield code="b">CINEMATOGRAPH AB - SVENSKA FILMINSTITUTET / Distribuzione: CIAK</subfield>
    <subfield code="g">"1972 (1&#xB0; ed.: 2005 ; Ed. Lingua Orig.: 1972)"</subfield>
  </datafield>
  <datafield tag="300" ind1=" " ind2=" ">
    <subfield code="a">DVD</subfield>
    <subfield code="b">sonoro, col.</subfield>
    <subfield code="c">90 minuti</subfield>
  </datafield>
  <datafield tag="508" ind1=" " ind2=" ">
    <subfield code="a">"Fotografia: Nykvist Sven; Montaggio: Lundgren-Kanalv Siv; Musica: Bach Johann Sebastian; Sceneggiatura: Bergman Ingmar; Scenografia: Vos Marik; "</subfield>
  </datafield>
  <datafield tag="511" ind1=" " ind2=" ">
    <subfield code="a">"Thulin Ingrid; Andersson Harriet; Ullman Liv; Josephspn Erl; Sylwan Kari"</subfield>
  </datafield>
  <datafield tag="520" ind1=" " ind2=" ">
    <subfield code="a">"QUATTRO DONNE SI TROVANO DI FRONTE ALLA MORTE: AGNESE, CHE A QUARANT'ANNI STA MORENDO DI CANCRO, LE SORELLE KARIN E MARIA, ACCORSE AL SUO CAPEZZALE, E ANNA, LA GOVERNANTE, PIU' VICINA ALLA SOFFERENZA DELLA PADRONA. KARIN E' UNA DONNA IMPIETOSA E MARIA E' SOLO PREOCCUPATA DELLA PROPRIA BELLEZZA. AGNESE MUORE. DURANTE LA VEGLIA FUNEBRE LE SORELLE ODONO LEVARSI DAL CADAVERE GRIDA DISPERATE DI INVOCAZIONE E FUGGONO TERRORIZZATE; SOLO ANNA HA IL CORAGGIO DI PRENDERE QUEL POVERO CORPO E CONSEGNARLO PLACATO AL RIPOSO ETERNO. OSCAR DEL 1973 PER LA MIGLIOR FOTOGRAFIA. DAVID NEL 1974 PER MIGLIOR REGISTA STRANIERO E DAVID SPECIALE ALLE PROTAGONISTE. IL SIGNIFICATO DELLA MORTE E DELLA VITA. IL SILENZIO DI DIO, LA COMUNICAZIONE TRA GLI UOMINI. RA I SATELLITI; TUTTI I PROGRAMMI GIORNO PER GIORNO. GLI SPECIALISTI DEL SAT."</subfield>
  </datafield>
  <datafield tag="538" ind1=" " ind2=" ">
    <subfield code="a">PAL, STEREO</subfield>
  </datafield>
  <datafield tag="546" ind1=" " ind2=" ">
    <subfield code="a">ITALIANO</subfield>
  </datafield>
  <datafield tag="650" ind1=" " ind2=" ">
    <subfield code="a">DRAMMATICO</subfield>
    <subfield code="e">DVD-FILM [DVD]</subfield>
    <subfield code="x">Codice MATERIA SPICS: 9947</subfield>
    <subfield code="9">37206</subfield>
  </datafield>
  <datafield tag="700" ind1=" " ind2=" ">
    <subfield code="a">Bach Johann Sebastian</subfield>
    <subfield code="e">(musica)</subfield>
    <subfield code="g">Codice Musica SPICS: 9695</subfield>
    <subfield code="9">37207</subfield>
  </datafield>
  <datafield tag="700" ind1=" " ind2=" ">
    <subfield code="a">Bergman Ingmar </subfield>
    <subfield code="e">(regista)</subfield>
    <subfield code="g">Codice regista SPICS: 9304</subfield>
    <subfield code="9">34076</subfield>
  </datafield>
  <datafield tag="700" ind1=" " ind2=" ">
    <subfield code="a">Bergman Ingmar </subfield>
    <subfield code="e">(soggetto)</subfield>
    <subfield code="g">Codice Soggetto SPICS: 9304</subfield>
    <subfield code="9">37208</subfield>
  </datafield>
  <datafield tag="942" ind1=" " ind2=" ">
    <subfield code="c">DV</subfield>
    <subfield code="2">ddc</subfield>
  </datafield>
  <datafield tag="999" ind1=" " ind2=" ">
    <subfield code="c">104701</subfield>
    <subfield code="d">104701</subfield>
  </datafield>
  <datafield tag="952" ind1=" " ind2=" ">
    <subfield code="0">0</subfield>
    <subfield code="1">0</subfield>
    <subfield code="4">0</subfield>
    <subfield code="6">H_5424_000000000000000</subfield>
    <subfield code="7">1</subfield>
    <subfield code="a">SPICS</subfield>
    <subfield code="b">SPICS</subfield>
    <subfield code="d">2015-01-31</subfield>
    <subfield code="l">0</subfield>
    <subfield code="o">H5424</subfield>
    <subfield code="r">2015-01-31 00:00:00</subfield>
    <subfield code="w">2015-01-31</subfield>
    <subfield code="y">DV</subfield>
    <subfield code="z">Progr. Ins.: 3277 / N.Vol.:1 / Copie: 1 / Pag.:0 / Copia rara: n.d. / date import: 1.2.2015 / By Epidotti, Trombetti, Vaglietti</subfield>
  </datafield>
</record>
